| 000 | 00616nam a2200181 a 4500 | ||
|---|---|---|---|
| 001 | 000033228 | ||
| 005 | 20250129073605.0 | ||
| 008 | 110823s1973 xxua 000 0 spa d | ||
| 040 |
_aDO-SdBNP _bspa _cBNPHU |
||
| 082 |
_axxx _bB174s |
||
| 100 | 1 |
_aBalcácer, Juan Daniel, _d1949- _96566 |
|
| 245 | 1 | 0 |
_aLa sociedad primitiva de Quisqueya o Haití : _bapuntes / _cJuan Daniel Balcácer. |
| 260 |
_aNew York : _b[s.n.], _c1973. |
||
| 300 |
_a52 p. : _bil. ; _c22 cm. |
||
| 490 | 1 | _aNuevos Horizontes | |
| 590 | _aPerteneció a la biblioteca personal de Juan Isidro Jimenes Grullón. | ||
| 830 | 0 |
_aNuevos Horizontes _958859 |
|
| 999 |
_c32719 _d32719 |
||